My sons, my England / (Запис № 528600)

МАРК-запис
000 -LEADER
fixed length control field 01165pam a2200277 i 4500
001 - CONTROL NUMBER
control field mysonsmyengland00dunc
003 - CONTROL NUMBER IDENTIFIER
control field CaSfIA
005 - DATE AND TIME OF LATEST TRANSACTION
control field 20210118191721.0
007 - PHYSICAL DESCRIPTION FIXED FIELD--GENERAL INFORMATION
fixed length control field cr||||
008 - FIXED-LENGTH DATA ELEMENTS--GENERAL INFORMATION
fixed length control field 800328s1980 nyu 000 1 eng
035 ## - SYSTEM CONTROL NUMBER
-- (DLC) 80013555
010 ## - LIBRARY OF CONGRESS CONTROL NUMBER
LC control number 80013555
020 ## - INTERNATIONAL STANDARD BOOK NUMBER
International Standard Book Number 0684166038 :
Terms of availability $11.95
040 ## - CATALOGING SOURCE
Original cataloging agency DLC
Transcribing agency DLC
Modifying agency DLC
-- CaSfIA
050 00 - LIBRARY OF CONGRESS CALL NUMBER
Classification number PR6054.U459
Item number M9 1980
082 00 - DEWEY DECIMAL CLASSIFICATION NUMBER
Classification number 823/.914
100 1# - MAIN ENTRY--PERSONAL NAME
Personal name Duncan, Dougal.
245 10 - TITLE STATEMENT
Title My sons, my England /
Medium [electronic resource]
Statement of responsibility, etc Dougal Duncan.
260 ## - PUBLICATION, DISTRIBUTION, ETC. (IMPRINT)
Place of publication, distribution, etc New York :
Name of publisher, distributor, etc Scribner,
Date of publication, distribution, etc c1980.
300 ## - PHYSICAL DESCRIPTION
Extent 320 p. ;
Dimensions 22 cm.
506 ## - RESTRICTIONS ON ACCESS NOTE
Standardized terminology for access restriction Необхідна авторизація на https://archive.org/ (створення облікового запису безкоштовно)
506 ## - RESTRICTIONS ON ACCESS NOTE
Standardized terminology for access restriction Необхідна авторизація на https://openlibrary.org/ (створення облікового запису безкоштовно)
856 41 - ELECTRONIC LOCATION AND ACCESS
Uniform Resource Identifier <a href="http://www.archive.org/details/mysonsmyengland00dunc">http://www.archive.org/details/mysonsmyengland00dunc</a>
Public note Free eBook from the Internet Archive
856 42 - ELECTRONIC LOCATION AND ACCESS
Uniform Resource Identifier <a href="http://www.openlibrary.org/books/OL4099193M">http://www.openlibrary.org/books/OL4099193M</a>
Public note Additional information and access via Open Library
942 ## - ADDED ENTRY ELEMENTS (KOHA)
Koha item type ЕКнига

Немає доступних примірників.